America Human Geography - Statistiques

Statistiques générales
  • Ce quiz a été pris 38 fois
  • Le résultat moyen est 21 sur 34
Statistiques - réponses
Country Capital % Correct
Brazil Brasilia
100%
Argentina Buenos Aires
100%
Canada Ottawa
90%
Colombia Bogota
80%
Cuba Havana
80%
Mexico Mexico City
80%
Ecuador Quito
80%
Venezuela Caracas
70%
Peru Lima
70%
Chile Santiago
70%
Bolivia Sucre
70%
United States Washington DC
70%
Barbados Bridgetown
60%
Guatemala Guatemala City
60%
Uruguay Montevideo
60%
Bahamas Nassau
60%
Panama Panama City
60%
Haiti Port au prince
60%
Costa Rica San José
60%
El Salvador San Salvador
60%
Belize Belmopan
50%
Guyana Georgetown
50%
Jamaica Kingston
50%
Saint Vincent and the Grenadines Kingstown
50%
Nicaragua Managua
50%
Dominican Republic Santo Domingo
50%
Grenada St. George's
50%
Honduras Tegucigalpa
50%
Paraguay Asuncion
40%
Saint Kitts and Nevis Basseterre
40%
Sant Lucia Castries
40%
Suriname Paramaribo
40%
Trinidad and Tobago Port of Spain
40%
Dominica Roseau
30%
Aucun quiz correspondant
Distribution des résultats
% des personnes avec chaque résultat
Percentile par nombre de réponses
Votre historique - résultats
Vous n’avez pas pris ce quiz